Statistics for German Footballclubs 2022/23 (Bundesliga-Regionalliga)

Click here to take the quiz!

General Stats

  • This quiz has been taken 100 times
  • The average score is 55 of 149

Answer Stats

Answer% Correct
FC Bayern München
98%
FC Bayern München II
95%
Borussia Dortmund
86%
Borussia Dortmund II
83%
Hamburger SV
77%
1.FC Union Berlin
76%
Hamburger SV II
76%
1.FC Köln
72%
1.FC Köln II
72%
FC Schalke 04
72%
FC Schalke 04 II
72%
Hertha BSC
72%
Hertha BSC II
72%
Werder Bremen II
72%
RB Leipzig
70%
Werder Bremen
70%
Bayer 04 Leverkusen
69%
Borussia Mönchengladbach
69%
Borussia Mönchengladbach II
69%
FC Augsburg
69%
SC Freiburg
69%
VfL Wolfsburg
69%
Eintracht Frankfurt
67%
SC Freiburg II
67%
1.FSV Mainz 05
66%
1.FSV Mainz 05 II
66%
FC Augsburg II
66%
VfB Stuttgart
66%
VfB Stuttgart II
66%
TSG 1899 Hoffenheim
65%
TSG 1899 Hoffenheim II
65%
VfL Bochum
64%
1.FC Nürnberg
61%
FC St. Pauli
61%
FC St. Pauli II
61%
Dynamo Dresden
59%
Hannover 96
58%
Holstein Kiel
58%
Holstein Kiel II
58%
Hansa Rostock
55%
VfL Osnabrück
55%
Arminia Bielefeld
54%
Eintracht Braunschweig
54%
Fortuna Düsseldorf
54%
Fortuna Düsseldorf II
54%
Hannover 96 II
54%
SpVgg Greuther Fürth
54%
SpVgg Greuther Fürth II
53%
TSV 1860 München
52%
SV Darmstadt 98
51%
1.FC Heidenheim
49%
1.FC Kaiserslautern
49%
1.FC Magdeburg
49%
SSV Jahn Regensburg
49%
Karlsruher SC
47%
Rot-Weiss Essen
46%
FC Viktoria Köln
45%
SV Wehen Wiesbaden
45%
Alemannia Aachen
43%
Preußen Münster
42%
1.FC Saarbrücken
41%
SV Elversberg
41%
SV Sandhausen
41%
SV Waldhof Mannheim
40%
FC Erzgebirge Aue
39%
MSV Duisburg
39%
Energie Cottbus
37%
SC Paderborn 07
37%
FC Ingolstadt 04
36%
SpVgg Unterhaching
35%
SC Fortuna Köln
34%
VfB Oldenburg
34%
Würzburger Kickers
34%
1.FC Nürnberg II
33%
Kickers Offenbach
33%
SSV Ulm 1846
33%
FC Viktoria 1889 Verlin
31%
SV Meppen
31%
FSV Zwickau
30%
Hallescher FC
30%
SC Verl
30%
VfB Lübeck
30%
1.FC Lokomotive Leipzig
29%
FC Carl Zeiss Jena
29%
SpVgg Bayreuth
29%
FC Rot-Weiß Erfurt
28%
SC Weiche Flensburg 08
27%
BSG Chemie Leipzig
25%
FSV Frankfurt
24%
Rot-Weiß Oberhausen
24%
Wuppertaler SV
24%
BFC Dynamo
23%
VfR Aalen
23%
Chemnitzer FC
22%
SG Wattenscheid 09
22%
Türkgücü München
22%
Berliner AK 07
20%
SV Eintracht Trier
19%
Wacker Burghausen
19%
KSV Hessen Kassel
18%
Tennis Borussia Berlin
18%
FC 08 Homburg
17%
FC Rot-Weiß Koblenz
17%
Bremer SV
16%
1.FC Bocholt
14%
1.FC Düren
14%
FV Illertissen
14%
Rot Weiss Ahlen
14%
SV Babelsberg 03
14%
Wormatia Worms
14%
SV Rödinghausen
13%
TSV Havelse
13%
TSV Steinbach Haiger
13%
VSG Altglienicke
13%
1.FC Schweinfurt 05
12%
Greifswalder FC
12%
SV Drochtersen/Assel
12%
VfB Germania Halberstadt
12%
Viktoria Aschaffenburg
12%
1.FC Phönix Lübeck
11%
Kickers Emden
11%
SSV Jeddeloh
11%
SV Straelen
11%
TSG Balingen
11%
Bahlinger SC
10%
Blau-Weiß Lohne
10%
DJK Vilzing
10%
Eintracht Norderstedt
10%
1.FC Kaan-Marienborn
8%
FSV 63 Luckenwalde
8%
SC Wiedenbrück
8%
SG Barockstadt Fulda-Lehnerz
8%
SGV Freiberg
8%
SpVgg Ansbach 09
8%
SV Atlas Delmenhorst
8%
TSV Buchbach
8%
ZFC Meuselwitz
8%
BSV Rehden
7%
FC Astoria Walldorf
7%
FC Pipinsried
7%
SV Lippstadt 08
7%
TSV Aubstadt
7%
VfV 06 Hildesheim
7%
FC Teutonia 05 Ottensen
6%
SV Heimstetten
6%
SV Lichtenberg 47
6%
TSV 1896 Rain
6%
VfB Eichstätt
6%
SpVgg Hankhofen-Hailing
2%

Score Distribution

Percentile by Number Answered

Percent of People with Each Score

Your Score History

You have not taken this quiz